<?xml version="1.0" encoding="UTF-8"?>
<record
    xmlns:xsi="http://www.w3.org/2001/XMLSchema-instance"
    xsi:schemaLocation="http://www.loc.gov/MARC21/slim http://www.loc.gov/standards/marcxml/schema/MARC21slim.xsd"
    xmlns="http://www.loc.gov/MARC21/slim">

  <leader>02529nam a22001817a 4500</leader>
  <controlfield tag="008">120612t        xxu||||| |||| 00| 0 eng d</controlfield>
  <datafield tag="020" ind1=" " ind2=" ">
    <subfield code="a">034117752</subfield>
  </datafield>
  <datafield tag="050" ind1=" " ind2=" ">
    <subfield code="a">HG4011.H374</subfield>
  </datafield>
  <datafield tag="100" ind1=" " ind2=" ">
    <subfield code="a">Hawawini, Gabriel.</subfield>
  </datafield>
  <datafield tag="245" ind1=" " ind2=" ">
    <subfield code="a">Finance for executives : managing for value creation. /</subfield>
    <subfield code="c">Gabriel Hawawini.</subfield>
  </datafield>
  <datafield tag="250" ind1=" " ind2=" ">
    <subfield code="a">2nd ed.</subfield>
  </datafield>
  <datafield tag="260" ind1=" " ind2=" ">
    <subfield code="a">Cincinnati :</subfield>
    <subfield code="b">South-Western Thomson Learning,</subfield>
    <subfield code="c">2002.</subfield>
  </datafield>
  <datafield tag="300" ind1=" " ind2=" ">
    <subfield code="a">xvii, 606 p. :</subfield>
    <subfield code="b">ill.;</subfield>
    <subfield code="c">24cm.</subfield>
  </datafield>
  <datafield tag="500" ind1=" " ind2=" ">
    <subfield code="a">Includes index.</subfield>
  </datafield>
  <datafield tag="505" ind1=" " ind2=" ">
    <subfield code="a">Contents: Financial management and value creation: an overview -- Understanding balance sheets and income statements -- Appendix 2.1: Specimen financial statements -- Financial diagnosis and management: Assessing liquidity efficiency -- Appendix 3.1: Financing strategies -- Appendix 3.2: Polo Ralph Lauren's liquidity and operational efficiency -- Measuring cash flows -- Appendix 4.1: Obtaining the net operating cash flow from balance sheet and income statement accounts -- Appendix 4.2: Polo Ralph Lauren's cash flows -- Diagnosing profitability, risk and growth -- Appendix 5.1: Factors affecting a firms operating profitability -- Appendix 5.2: The Relationship between a firm's role aftertax roic -- Appendix 5.3 Polo Ralph Lauren's profitability -- Investment decision : Using the net present value rule to make value-creating investment decisions -- Appendix 6.1: Calculation of the present value of an annuity and the constant annual-equivalent cash flow of a project's cash-flow stream -- Alternatives to the net present value rule -- Identifying and estimating a project's cash flows -- Financing decisions: Raising capital and valuing securities -- Appendix 9.1: The Bond valuation formula -- Appendix 9.2: The Valuation formula for the constant growth dividend model -- Estimating the cost of capital -- Designing a capital structure -- Business decisions: Valuing and acquiring a business -- Appendix 12.1: The Dividend discount model approach to the valuation of a firm's equity -- Making value-creating decisions in an international environment -- Appendix 13.1: Translating financial statements with the monetary / nonmonetary method and the current method -- The Parity relations -- Managing for value creation -- Appendix 14.1: Adjusting book values to estimate the amount of invested equity capital and operating profit -- Estimating market value added (MVA) when future cash flows are expected to grow at a constant rate in perpetuity -- Glossary -- Answers to review problems.</subfield>
  </datafield>
  <datafield tag="700" ind1=" " ind2=" ">
    <subfield code="a">Viallet, Claude.</subfield>
  </datafield>
  <datafield tag="942" ind1=" " ind2=" ">
    <subfield code="2">lcc</subfield>
    <subfield code="c">BK</subfield>
  </datafield>
  <datafield tag="999" ind1=" " ind2=" ">
    <subfield code="c">1271</subfield>
    <subfield code="d">8771</subfield>
  </datafield>
  <datafield tag="952" ind1=" " ind2=" ">
    <subfield code="0">0</subfield>
    <subfield code="1">0</subfield>
    <subfield code="2">lcc</subfield>
    <subfield code="4">0</subfield>
    <subfield code="7">0</subfield>
    <subfield code="a">WIUC-1</subfield>
    <subfield code="b">WIUC-1</subfield>
    <subfield code="c">GEN</subfield>
    <subfield code="d">2012-06-12</subfield>
    <subfield code="l">0</subfield>
    <subfield code="o">HG4011.H374</subfield>
    <subfield code="p">3329/12</subfield>
    <subfield code="r">2012-06-12 00:00:00</subfield>
    <subfield code="t">1</subfield>
    <subfield code="w">2012-06-12</subfield>
    <subfield code="y">BK</subfield>
  </datafield>
  <datafield tag="952" ind1=" " ind2=" ">
    <subfield code="0">0</subfield>
    <subfield code="1">0</subfield>
    <subfield code="2">lcc</subfield>
    <subfield code="4">0</subfield>
    <subfield code="7">0</subfield>
    <subfield code="a">WIUC-1</subfield>
    <subfield code="b">WIUC-1</subfield>
    <subfield code="c">GEN</subfield>
    <subfield code="d">2012-06-12</subfield>
    <subfield code="l">0</subfield>
    <subfield code="o">HG4011.H3741</subfield>
    <subfield code="p">3330/12</subfield>
    <subfield code="r">2012-06-12 00:00:00</subfield>
    <subfield code="t">2</subfield>
    <subfield code="w">2012-06-12</subfield>
    <subfield code="y">BK</subfield>
  </datafield>
  <datafield tag="952" ind1=" " ind2=" ">
    <subfield code="0">0</subfield>
    <subfield code="1">0</subfield>
    <subfield code="2">lcc</subfield>
    <subfield code="4">0</subfield>
    <subfield code="7">0</subfield>
    <subfield code="a">WIUC-1</subfield>
    <subfield code="b">WIUC-1</subfield>
    <subfield code="c">GEN</subfield>
    <subfield code="d">2012-06-12</subfield>
    <subfield code="l">0</subfield>
    <subfield code="o">HG4011.H3742</subfield>
    <subfield code="p">3331/12</subfield>
    <subfield code="r">2012-06-12 00:00:00</subfield>
    <subfield code="t">3</subfield>
    <subfield code="w">2012-06-12</subfield>
    <subfield code="y">BK</subfield>
  </datafield>
  <datafield tag="952" ind1=" " ind2=" ">
    <subfield code="0">0</subfield>
    <subfield code="1">0</subfield>
    <subfield code="2">lcc</subfield>
    <subfield code="4">0</subfield>
    <subfield code="7">0</subfield>
    <subfield code="a">WIUC-1</subfield>
    <subfield code="b">WIUC-1</subfield>
    <subfield code="c">REF</subfield>
    <subfield code="d">2015-01-26</subfield>
    <subfield code="l">0</subfield>
    <subfield code="o">HG4011.H374</subfield>
    <subfield code="p">7471/499/13</subfield>
    <subfield code="r">2015-01-26 00:00:00</subfield>
    <subfield code="t">4</subfield>
    <subfield code="w">2015-01-26</subfield>
    <subfield code="y">BK</subfield>
  </datafield>
</record>
